Principles of surgery (Record no. 3645)

MARC details
000 -LEADER
fixed length control field 00413nam a22001457a 4500
008 - FIXED-LENGTH DATA ELEMENTS--GENERAL INFORMATION
fixed length control field 250524b |||||||| |||| 00| 0 eng d
020 ## - INTERNATIONAL STANDARD BOOK NUMBER
ISBN 9789785927031
100 ## - MAIN ENTRY--AUTHOR
Author Adeyanju, J.B
245 ## - TITLE STATEMENT
Title Principles of surgery
Remainder of title A concise text for veterinary student
260 ## - PUBLICATION, DISTRIBUTION, ETC. (IMPRINT)
Place of publication Ibadan
Name of publisher Ibadan university press publishing house
300 ## - COLLATION
Pagination xvii, 461p.
Other physical details ill
650 ## - TRACINGS
Main Subject surgery
942 ## - ADDED ENTRY ELEMENTS (KOHA)
Item type Books
050 ## - LIBRARY OF CONGRESS CALL NUMBER
Classification number RD31
Item number .P75
Holdings
Source of classification or shelving scheme Not for loan Permanent location Current location Date acquired Accession No. Full call number Barcode. Koha item type
Library of Congress Classification   Medical Library Medical Library 05/24/2025 2023/60915 RD31.P75 2025-2136 Books